000 00418nam a2200169 i 4500
001 bg
100 1 _aPLUTA, Maksymilian.
245 0 _aAdvanced ligth microscopy.
_nT. 2,
_pSpecialized methods /
_cM.Pluta.
260 _aWarszawa :
_bPWN,
_c1989.
020 _a8301076062
040 _cBPK
041 _apol
080 _a535
920 _a83-01-07606-2
942 _cKS
008 s pl f |000 0 pol
999 _c28782
_d28782
856 _uhttp://koha.tu.koszalin.pl/cgi-bin/koha/opac-detail.pl?biblionumber=28782
_yKatalog online BPK